<?xml version="1.0" encoding="UTF-8"?>
<record
    xmlns:xsi="http://www.w3.org/2001/XMLSchema-instance"
    xsi:schemaLocation="http://www.loc.gov/MARC21/slim http://www.loc.gov/standards/marcxml/schema/MARC21slim.xsd"
    xmlns="http://www.loc.gov/MARC21/slim">

  <leader>01565nam a22002057a 4500</leader>
  <controlfield tag="005">20210414113959.0</controlfield>
  <controlfield tag="008">120606t        xxu||||| |||| 00| 0 eng d</controlfield>
  <datafield tag="020" ind1=" " ind2=" ">
    <subfield code="a">8125916121</subfield>
  </datafield>
  <datafield tag="050" ind1=" " ind2=" ">
    <subfield code="a">HF5635.M372</subfield>
  </datafield>
  <datafield tag="100" ind1=" " ind2=" ">
    <subfield code="a">Maheshwari, S.N.</subfield>
  </datafield>
  <datafield tag="245" ind1=" " ind2=" ">
    <subfield code="a">Advanced accounting. /</subfield>
    <subfield code="c">S.N. Maheshwari and S.K. Maheshwari</subfield>
  </datafield>
  <datafield tag="250" ind1=" " ind2=" ">
    <subfield code="a">9th edition</subfield>
  </datafield>
  <datafield tag="260" ind1=" " ind2=" ">
    <subfield code="a">New Delhi:</subfield>
    <subfield code="b">Vikas Publishing,</subfield>
    <subfield code="c">2004.</subfield>
  </datafield>
  <datafield tag="300" ind1=" " ind2=" ">
    <subfield code="a">xvii/3.324p. :</subfield>
    <subfield code="b">ill. ;</subfield>
    <subfield code="c">20cm.</subfield>
  </datafield>
  <datafield tag="500" ind1=" " ind2=" ">
    <subfield code="a">Includes appendix</subfield>
  </datafield>
  <datafield tag="505" ind1=" " ind2=" ">
    <subfield code="a">Contents: Company accounts : Introductory -- Shares and share capital -- Debentures -- Company statutory records -- Company final accounts -- Valuation of goodwill and shares -- Acquisition of business and profit prior to incorporation -- Internal reconstruction -- External reconstruction -- External reconstruction, amalgamation and absorbtion -- Company liquidation accounts -- Financial reporting for financial institutions -- Specific companies accounts: Insurance companies accounts -- Banking companies accounts -- Double account system -- Holding companies -- Holding companies -- Hotel companies accounts -- Accounts of government companies and statutory corporations -- Management accounting : Management accounting: nature and scope -- Financial statements: analysis and interpretation -- Funds flow statement -- Cash flow statement -- Accounting for price level changes -- Valuation of assets -- Human resource accounting -- Social cost benefit analysis -- Recent development in accounting.</subfield>
  </datafield>
  <datafield tag="650" ind1=" " ind2=" ">
    <subfield code="a"> Accounting</subfield>
  </datafield>
  <datafield tag="700" ind1=" " ind2=" ">
    <subfield code="a">Maheshwari, S. K.</subfield>
  </datafield>
  <datafield tag="942" ind1=" " ind2=" ">
    <subfield code="2">lcc</subfield>
    <subfield code="c">BK</subfield>
  </datafield>
  <datafield tag="999" ind1=" " ind2=" ">
    <subfield code="c">1126</subfield>
    <subfield code="d">8626</subfield>
  </datafield>
  <datafield tag="952" ind1=" " ind2=" ">
    <subfield code="0">0</subfield>
    <subfield code="1">0</subfield>
    <subfield code="2">lcc</subfield>
    <subfield code="4">0</subfield>
    <subfield code="7">0</subfield>
    <subfield code="a">WIUC-1</subfield>
    <subfield code="b">WIUC-1</subfield>
    <subfield code="c">GEN</subfield>
    <subfield code="d">2012-06-06</subfield>
    <subfield code="l">0</subfield>
    <subfield code="o">HF5635.M372</subfield>
    <subfield code="p">2887/12</subfield>
    <subfield code="r">2012-06-06 00:00:00</subfield>
    <subfield code="t">1</subfield>
    <subfield code="w">2012-06-06</subfield>
    <subfield code="y">BK</subfield>
  </datafield>
  <datafield tag="952" ind1=" " ind2=" ">
    <subfield code="0">0</subfield>
    <subfield code="1">0</subfield>
    <subfield code="2">lcc</subfield>
    <subfield code="4">0</subfield>
    <subfield code="7">0</subfield>
    <subfield code="a">WIUC-1</subfield>
    <subfield code="b">WIUC-1</subfield>
    <subfield code="c">GEN</subfield>
    <subfield code="d">2012-06-06</subfield>
    <subfield code="l">0</subfield>
    <subfield code="o">HF5635.M373</subfield>
    <subfield code="p">2888/12</subfield>
    <subfield code="r">2012-06-06 00:00:00</subfield>
    <subfield code="t">2</subfield>
    <subfield code="w">2012-06-06</subfield>
    <subfield code="y">BK</subfield>
  </datafield>
</record>
